| 000 | 01515nam a2200325 c 4500 | ||
|---|---|---|---|
| 003 | BLK | ||
| 005 | 20180422095747.0 | ||
| 008 | 180407b bul|||||r ||||||| ||bul|| | ||
| 010 | _aKNG00030768000 | ||
| 020 |
_a954-608-040-3 _bиздат.: Труд и право |
||
| 040 | _aBLK | ||
| 041 |
_aBUL _cBUL |
||
| 080 |
_aОбществени финанси. Финансово законодателство. Подразделя се със знака за съотношение и индекса 336. 12 _b351.72 _x:336.2(497.2)(094.5.072) _z351.72:336.2(497.2)(094.5.072) |
||
| 700 | 1 |
_aМинкова, Ганета _eкомент. _9365270 |
|
| 710 | 1 |
_aБългария. Закони и др. п. _9243213 |
|
| 139 |
_aБългария. Закони и др. п. _bБ 92 |
||
| 245 | 1 | 0 |
_aНовото данъчно законодателство през 2000 година _cкомент. Ганета Минкова. |
| 257 | _aBGR | ||
| 260 |
_аСофия _bТруд и право _c2000 _fСофия : Д. Благоев |
||
| 300 |
_a576 с. _bс табл. _c21 см |
||
| 380 | _a3 | ||
| 500 | _aПълното име на авт. е Иван Дочев Колев. | ||
| 650 | 4 |
_aДанъци - България - законодателни и директивни материали _9249104 |
|
| 653 | _aданъчно законодателство | ||
| 852 | _aЦб 203679 | ||
| 856 | 4 |
_qpdf _u |
|
| 856 | 4 |
_qpdf _u |
|
| 942 |
_cKNG _n0 |
||
| 944 |
_aCR _c10.04.2003 _kНаталия_Медовщикова |
||
| 944 |
_aED _c07.04.2008 _k |
||
| 999 |
_c28176 _d28176 |
||